MARC details
| 000 -LEADER |
| campo de control de longitud fija |
01465nas a2200361 i 4500 |
| 001 - NÚMERO DE CONTROL |
| campo de control |
781 |
| 003 - IDENTIFICADOR DE NÚMERO DE CONTROL |
| campo de control |
ES-MaACL |
| 005 - FECHA Y HORA DE LA ÚLTIMA TRANSACCIÓN |
| campo de control |
20250724062534.0 |
| 007 - CAMPO FIJO DE DESCRIPCIÓN FÍSICA--INFORMACIÓN GENERAL |
| campo de control de longitud fija |
t| |
| 008 - DATOS DE LONGITUD FIJA--INFORMACIÓN GENERAL |
| campo de control de longitud fija |
950801c1944 sp a| | 1 ||pa d |
| 080 ## - NÚMERO DE LA CLASIFICACIÓN DECIMAL UNIVERSAL |
| Número de la Clasificación Decimal Universal |
008 |
| 080 ## - NÚMERO DE LA CLASIFICACIÓN DECIMAL UNIVERSAL |
| Número de la Clasificación Decimal Universal |
908 |
| 245 00 - MENCIÓN DEL TÍTULO |
| Título |
Cuadernos de estudios gallegos / |
| Mención de responsabilidad, etc. |
Consejo Superior de Investigaciones Científicas, Instituto Padre Sarmiento ; [dir. F.J. Sánchez Cantón]. |
| 260 ## - PUBLICACIÓN, DISTRIBUCIÓN, ETC. |
| Lugar de publicación, distribución, etc. |
Santiago de Compostela : |
| Nombre del editor, distribuidor, etc. |
Instituto Padre Sarmiento, |
| Fecha de publicación, distribución, etc. |
1944- ( |
| Lugar de fabricación/manufactura |
Madrid : |
| Fabricante |
C. Bermejo) |
| 300 ## - DESCRIPCIÓN FÍSICA |
| Extensión |
60 v. ; |
| Dimensiones |
25 cm. |
| 310 ## - PERIODICIDAD ACTUAL |
| Periodicidad actual |
Anual |
| 321 ## - PERIODICIDAD ANTERIOR |
| Periodicidad anterior |
Semestral, |
| Fechas de la periodicidad anterior |
1944-47 |
| 321 ## - PERIODICIDAD ANTERIOR |
| Periodicidad anterior |
Cuatrimestral, |
| Fechas de la periodicidad anterior |
1948-73 |
| 362 0# - FECHAS DE PUBLICACIÓN Y/O DESIGNACIÓN SECUENCIAL |
| Fecha de publicación y/o designación secuencial |
Año 1, fasc. 1 (1944)- |
| 530 ## - NOTA DISPONIBLE DE FORMULARIO FÍSICO ADICIONAL |
| Nota de formato físico adicional disponible |
Disponible también en Internet. |
| 650 #7 - PUNTO DE ACCESO ADICIONAL DE MATERIA--TÉRMINO DE MATERIA |
| Término de materia o nombre geográfico como elemento de entrada |
Cultura |
| Fuente del encabezamiento o término |
embne |
| 9 (RLIN) |
170963 |
| 650 14 - PUNTO DE ACCESO ADICIONAL DE MATERIA--TÉRMINO DE MATERIA |
| Término de materia o nombre geográfico como elemento de entrada |
Monografías regionales. |
| 9 (RLIN) |
15170 |
| 655 #7 - TERMINO DE INDIZACIÓN--GENERO/FORMA |
| Fuente del término |
tgfbne |
| 9 (RLIN) |
226866 |
| Datos o término principal de género/forma |
Revistas |
| 700 1# - ENTRADA AGREGADA--NOMBRE PERSONAL |
| Nombre de persona |
Sánchez Cantón, Francisco Javier, |
| Fechas asociadas al nombre |
1891-1971 |
| 9 (RLIN) |
102521 |
| 710 00 - ENTRADA AGREGADA--NOMBRE DE ENTIDAD CORPORATIVA |
| Nombre de entidad corporativa o nombre de jurisdicción como elemento de entrada |
Instituto de Estudios Gallegos "Padre Sarmiento" |
| 9 (RLIN) |
4903 |
| 710 2# - ENTRADA AGREGADA--NOMBRE DE ENTIDAD CORPORATIVA |
| Nombre de entidad corporativa o nombre de jurisdicción como elemento de entrada |
Consejo Superior de Investigaciones Científicas (España) |
| 9 (RLIN) |
3236 |
| 852 ## - LOCALIZACIÓN |
| Ubicación |
ES-MaACL |
| Número de control de estantería |
HEM-1759 |
| Signatura antigua |
Olim: K-63 |
| itemnumber |
803 |
| Nota libre |
Expurgado: 22-1-2025; posterior a 1958; en acceso abiertp |
| Ubicación en estantería |
Hemeroteca |
| 856 ## - LOCALIZACIÓN Y ACCESO ELECTRÓNICOS |
| Identificador Uniforme de Recursos |
<a href="https://dialnet.unirioja.es/servlet/revista?codigo=6088">https://dialnet.unirioja.es/servlet/revista?codigo=6088</a> |
| Texto de enlace |
Sumarios de la revista en Dialnet |
| 866 #0 - MENCIÓN TEXTUAL DE FONDOS--UNIDAD BIBLIOGRÁFICA BÁSICA |
| Fondos |
1944-51, 1961-1971, (1973 f.n.85)1974-2011. |
| 942 ## - ELEMENTOS DE ENTRADA SECUNDARIOS (KOHA) |
| Fuente del sistema de clasificación o colocación |
Clasificación decimal universal |
| Tipo de ítem Koha |
Revista |